Hauptstädte der EU Staaten - Sudden Death - Statistiken

Allgemein
  • Dieses Quiz wurde 605 mal gespielt
  • Das Durchschnittsergebnis liegt bei 9 aus 27
Answers on the Grid
Answers color-coded by a green-red scale on the quiz's grid according to % correct below.
Berlin
Brüssel
Sofia
Kopenhagen
Tallinn
Helsinki
Paris
Athen
Dublin
Rom
Zagreb
Riga
Vilnius
Luxemburg
Valletta
Amsterdam
Wien
Warschau
Lissabon
Porto
Bukarest
Stockholm
Bratislava
Ljubljana
Madrid
Prag
Budapest
Nikosia
Zürich
Bern
Frankfurt
Bonn
Moskau
Minsk
Belgrad
Skopje
Tirana
Istanbul
Ankara
Kyjiw
Oslo
London
Mailand
Barcelona
Andorra
Salzburg
Reykjavik
Brügge
 
Antwortstatistiken
Antwort % Korrekt
Rom
49%
Paris
45%
Madrid
41%
Wien
41%
Lissabon
40%
Prag
39%
Warschau
39%
Amsterdam
38%
Athen
38%
Dublin
38%
Luxemburg
38%
Stockholm
37%
Brüssel
36%
Budapest
36%
Berlin
35%
Tallinn
35%
Helsinki
33%
Kopenhagen
33%
Vilnius
30%
Sofia
29%
Bratislava
28%
Ljubljana
28%
Riga
28%
Bukarest
27%
Zagreb
27%
Valletta
26%
Nikosia
19%
Keine übereinstimmenden Quizze gefunden
Verteilung der Resultate
Anzahl Personen mit jedem Resultat
Perzentil nach korrekt beantworteten Fragen
Ihre Resultats-Entwicklung
Sie haben dieses Quiz noch nicht gespielt